000 01544nam a2200205Ia 4500
999 _c37969
_d37969
001 3951
003 GE_BSU
005 20190911172718.0
008 181216s2008||||ge |||||||||||||| ||g ||
040 _cGE_BSU
041 _ageo
080 _a33(479.223) ა–95
245 _aაჭარის სოციალურ-ეკონომიკური პრობლემები = Social-Economical Problems of Adjara = Социально-Экономические Проблемы Аджарии :
_bსტატიების კრებული. ტ. 10 /
_cსაქართველოს განათლებისა და მეცნიერების სამინისტრო ; ბათუმის ნ. ბერძენიშვილის სახელობის სამეცნიერო-კვლევითი ინსტიტუტი; რედ. ჟანი მიქაშავიძე.
264 _aბათუმი :
_bშოთა რუსთაველის სახელმწიფო უნივერსიტეტი,
_c2008.
300 _a128 გვ. ;
_b20 სმ.
653 _aადგილობრივი მეურნეობის განვითარება
653 _aტურიზმის განვითარების სოციალურ-ეკონომიკური პრობლემები
700 _aმიქაშავიძე, ჟანი
_eრედაქტორი
_92700
942 _cBK
_2udc